Statistics for Solve the Secret Country #3

Click here to take the quiz!

General Stats

  • This quiz has been taken 11,585 times
  • The average score is 19 of 27

Answer Stats

HintAnswer% Correct
FIIJFiji
100%
AINRIran
94%
ALOSLaos
93%
AAILMWMalawi
92%
AAACDNCanada
90%
AABBDORSBarbados
89%
AALPUPalau
89%
AHIITHaiti
88%
DEENSWSweden
88%
ADIINIndia
86%
AGNOTTonga
85%
ABILRZBrazil
78%
ADFILNNFinland
78%
AEGIINRNigeria
78%
AEGGIORGeorgia
76%
AAILTVLatvia
73%
AEIKNRUUkraine
60%
AAABILNAlbania
51%
AADNORRAndorra
51%
AIIMRSTUUMauritius
48%
AAACGINRUNicaragua
42%
ACDIIMNODominica
41%
AAIIJKNSTTTajikistan
41%
AAABEIJNRZAzerbaijan
40%
AAAACDGMRSMadagascar
38%
EHIIILNPPPSPhilippines
38%
Secret CountryLITHUANIA
28%

Score Distribution

Percentile by Number Answered

Percent of People with Each Score

Your Score History

You have not taken this quiz